000
00234nam a22000857a 4500
008
161207b xxu||||| |||| 00| 0 eng d
100
_9
1914
_a
Mittal. R. S
245
_a
New course Science Physics
260
_a
New delhi
_b
Arya publication
_c
2007
999
_c
4680
_d
4680